| 000 | 01267nam a2200373 c 4500 | ||
|---|---|---|---|
| 001 | 18698 | ||
| 003 | ES-MaCES | ||
| 005 | 20141221122546.0 | ||
| 008 | 060410s2005 sp d t o000 | eng d | ||
| 035 | _aCES20060003654m | ||
| 040 |
_aES-MaCES _bspa _cES-MaCES |
||
| 041 | 0 |
_aeng _aspa |
|
| 100 | 1 |
_aBoscá, J. E. _98132 |
|
| 245 | 1 | 3 |
_aLa fiscalidad en la OCDE, 1965-2001 _cJosé E. Boscá, José R. García, David Taguas |
| 260 |
_a[Madrid] _bDirección General de Presupuestos _c2005 |
||
| 300 |
_a42 p. _c30 cm |
||
| 490 | 1 |
_aDocumentos de trabajo _vD-2005-06 |
|
| 500 | _aResumen en español e inglés | ||
| 504 | _aBibliografía: p. 27-28 | ||
| 541 | _cGratuito | ||
| 650 | 4 |
_aadministración fiscal _927209 |
|
| 650 | 4 |
_atributación _928093 |
|
| 650 | 4 |
_apaís de la OCDE _929055 |
|
| 650 | 4 |
_a1965-2001 _931853 |
|
| 650 | 4 |
_acuadros estadísticos _928890 |
|
| 653 | 1 | 0 | _aFiscalidad |
| 700 | 1 |
_aGarcía, José R. _912742 |
|
| 700 | 1 |
_aTaguas, David _924651 |
|
| 710 | 1 |
_aEspaña _bDireccion General de Presupuestos _eed. _92852 |
|
| 830 | 0 |
_aDocumentos de trabajo (España. Dirección General de Presupuestos) _vD-2005-06 _933638 |
|
| 902 | _aDOC Literatura gris | ||
| 942 |
_2CES _cBK _h0.1. |
||
| 999 |
_c18698 _d18698 |
||